| 000 | 00432nam a22001697a 4500 | ||
|---|---|---|---|
| 003 | NUST - PNEC | ||
| 005 | 20170116180855.0 | ||
| 008 | 150828b xxu||||| |||| 00| 0 eng d | ||
| 020 | _a047149545X | ||
| 040 | _cLIBRARY | ||
| 082 | _a539.77 KNO | ||
| 100 |
_95942 _aKnoll, Glenn F. |
||
| 245 |
_aRadiation detection and measurement _cGlenn F.Knoll |
||
| 260 | _cc1979. | ||
| 650 |
_95944 _aNuclear counters _xME |
||
| 942 |
_2ddc _cBK |
||
| 999 |
_c64774 _d64774 |
||